000 01696cam a2200145 4500500
005 20260329023224.0
041 _afre
042 _adc
100 1 0 _aFamose, Jean-Pierre
_eauthor
700 1 0 _aGuérin, Florence
_eauthor
245 0 0 _aLa connaissance de soi : en psychologie de l'éducation physique et du sport
260 _bArmand Colin,
_c2002.
520 _aLes perceptions et sentiments que nous avons de nous-mêmes jouent un rôle majeur dans la compréhension de nos comportements. Ils contribuent aussi à accroître le bien-être physique et psychologique, à améliorer les résultats scolaires et à optimiser la performance sportive. À cet égard, l'Éducation Physique et le Sport constituent des domaines propices à l'explication de cette notion.Comment la connaissance de soi se forme-t-elle et comment s'évalue-t-elle ? Quelle pertinence le système éducatif et l'Éducation physique et sportive en particulier doivent-ils lui reconnaître ? Quelles interventions peuvent-elles la rendre positive et favorable aux apprentissages moteurs ?Cet ouvrage présente l'approche définitionnelle, structurale et fonctionnelle de la connaissance de soi qui faisait défaut. Il s'appuie sur les travaux classiques et contemporains en psychologie générale, psychologie sociale et en psychologie de l'éducation physique et du sport. Il fournira au lecteur tous les éléments théoriques et empiriques nécessaires pour mesurer l'enjeu éducatif et social que constitue la prise en compte de la connaissance de soi dans les contextes scolaires et sportifs.
856 4 1 _uhttps://shs.cairn.info/la-connaissance-de-soi--9782200262808?lang=fr&redirect-ssocas=7080
999 _c1925599
_d1925599